000
00276nam a22001097a 4500
008
170118b xxu||||| |||| 00| 0 eng d
020
_a
9781622541430
041
_a
eng
080
_a
618.2
245
_a
ICD-9-CM PROFESSIONAL FOR HOSPITALS-VOLUMES 1,2 % 3
_c
ICD
942
_2
udc
_c
BK
999
_c
3040
_d
3040